000 00700nam a2200241 a 4500
001 66450
003 BD-RjUL
005 20211209081538.0
008 170316s1964 nyua b 001 0 eng d
020 _a0471163171 :
035 _a(BD-RjUL)66580
040 _aDLC
_cDLC
_dBD-RjUL
_beng
041 _aeng
082 _223
_a153.8
_bCOM 1964
100 1 _aCofer, C. N.
_9196654
245 1 0 _aMotivation :
_btheory and research /
_cC.N. Cofer, M.H. Appley
260 _aNew York :
_bJohn Wiley & Sons,
_cc1964.
300 _a958 p. :
_bill. ;
_c24 cm.
504 _aIncludes Bibliography and index.
650 0 _aMotivation (Psychology)
_9196655
700 1 _aAppley, M. H.
_9196656
942 _2ddc
_cBK
999 _c66450
_d66450